US or China? - Statistics

General Stats
  • This quiz has been taken 46 times
    39 since last reset
  • The average score is 8 of 11
Answer Stats
Question Answer % Correct
Which one has a larger population? China
94%
Which one's capital city has a larger population? China
94%
Which one has a larger population density? China
83%
Which one has a longer coastline? US
80%
Which one has a higher GDP per capita? US
77%
Which one has more official languages? China
74%
Which one has more islands? US
69%
Which one has a higher GDP? US
69%
Which one boasts the longest bridge in the world? China
63%
Which one has a higher life expectancy? China
57%
Which one has a larger vehicle production? US
29%
No matching quizzes found
Score Distribution
Percent of People with Each Score
Percentile by Number Answered
Your Score History
You have not taken this quiz since the last reset